al-Qurän-ul-hakim, beserta terdjemah dan tafsirnja; (Record no. 62014)

MARC details
000 -LEADER
fixed length control field 00833cam a22002651 4500
001 - CONTROL NUMBER
control field sa 65001307
003 - CONTROL NUMBER IDENTIFIER
control field DLC
005 - DATE AND TIME OF LATEST TRANSACTION
control field 20260227112108.0
008 - FIXED-LENGTH DATA ELEMENTS--GENERAL INFORMATION
fixed length control field 880726m19619999io 000 0 ind
010 ## - LIBRARY OF CONGRESS CONTROL NUMBER
LC control number sa 65001307
035 ## - SYSTEM CONTROL NUMBER
System control number (OCoLC)18275384
040 ## - CATALOGING SOURCE
Original cataloging agency DLC
Transcribing agency ICRL
Modifying agency DLC
041 0# - LANGUAGE CODE
Language code of text/sound track or separate title indara
042 ## - AUTHENTICATION CODE
Authentication code premarc
050 00 - LIBRARY OF CONGRESS CALL NUMBER
Classification number BP104.4
Item number .B3
130 0# - MAIN ENTRY--UNIFORM TITLE
Uniform title Qurʼan.
Language of a work Indonesian.
245 13 - TITLE STATEMENT
Title al-Qurän-ul-hakim, beserta terdjemah dan tafsirnja;
Statement of responsibility, etc. diselenggarakan oleh H.M. Kasim Bakery, Imam M. Nur Idris [dan] A. Dt. Madjoindo.
260 ## - PUBLICATION, DISTRIBUTION, ETC.
Place of publication, distribution, etc. [Djakarta]
Name of publisher, distributor, etc. Djambatan
Date of publication, distribution, etc. [1961]-
300 ## - PHYSICAL DESCRIPTION
Extent v.
Dimensions 25 cm.
500 ## - GENERAL NOTE
General note Indonesian and Arabic.
500 ## - GENERAL NOTE
General note Errata leaf inserted.
700 1# - ADDED ENTRY--PERSONAL NAME
Personal name Bakry, H. M. K.,
Relator term ed.
700 1# - ADDED ENTRY--PERSONAL NAME
Personal name Idris, Muhammad Nur,
Titles and other words associated with a name Imam,
Relator term ed.
700 1# - ADDED ENTRY--PERSONAL NAME
Personal name Madjoindo, A. Dt.
Fuller form of name (Aman Dt.),
Dates associated with a name 1895-
Relator term ed.

No items available.

Powered by Koha